| 000 | 006840000a22002050004500 | ||
|---|---|---|---|
| 090 |
_aAR _b03811 |
||
| 245 | 1 | 0 | _aIdentify of Sphinx brunnus cramer and the taxonomic position of Acharia huebner (Lepidoptera: Limacodidae) |
| 650 | 1 | 4 |
_aEntomología _94483 |
| 650 | 1 | 4 |
_aLepidópteros _94756 |
| 650 | 1 | 4 |
_aTaxonomía animal _98245 |
| 650 | 1 | 4 |
_aSistemática animal _992968 |
| 651 | 4 |
_pAmérica del Sur _992749 |
|
| 653 |
_gsphinx _eSphinx brunnus |
||
| 653 |
_gAcharia _eAcharia bruna |
||
| 041 | 0 | _aInglés | |
| 700 | 1 |
_aMiller, Scott E. _954484 |
|
| 100 | 1 |
_aBecker, Vitor O. _997612 |
|
| 942 | _cARTICULO | ||
| 773 | 1 |
_tJournal of Research on the Lepidoptera _h1-4 _q219-224 _d1988 _g26 |
|
| 999 |
_c12846 _d12846 |
||